Fotografia contemporània a Catalunya : Primavera Fotogràfica 1982 Primavera Fotogràfica 1982
Publicado:
[Barcelona] :
Departament de Cultura de la Generalitat de Catalunya. Servei d'Arts Plàstiques, dl 1983
Descripción Física:
[44] p. : il. ; 29 cm
MARC
| LEADER | 00000nam a2200000Ia 4500 | ||
|---|---|---|---|
| 001 | 1385 | ||
| 003 | AGDB | ||
| 005 | 20260324181508.0 | ||
| 008 | 160829s9999 xx 000 0 cat d | ||
| 080 | |a FU-17-26 | ||
| 245 | |a Fotografia contemporània a Catalunya : |b Primavera Fotogràfica 1982 | ||
| 260 | |a [Barcelona] : |b Departament de Cultura de la Generalitat de Catalunya. Servei d'Arts Plàstiques, dl 1983 | ||
| 300 | |a [44] p. : |b il. ; |c 29 cm | ||
| 590 | |a Catàleg de l'exposició | ||
| 650 | |a Fons Joan Junyer i Pascual (1909-1994) |9 72777 | ||
| 650 | |a Fotografia artística |x Catalunya |x Exposicions |9 35500 | ||
| 700 | |a Catalunya. Servei d'Arts Plàstiques |9 35274 | ||
| 700 | |a Primavera Fotogràfica (1982) |9 28861 | ||
| 901 | |a Arxiu | ||
| 942 | |n 1 |2 udc |c ARXIU | ||
| 952 | |0 0 |1 0 |4 0 |6 FU1726 |7 1 |9 46931 |a Arxiu |b Arxiu |d 2016-12-01 |l 0 |o FU-17-26 |p 1385 |r 2016-12-01 00:00:00 |w 2016-12-01 |y ARXIU | ||
| 952 | |0 0 |1 0 |4 0 |6 F504146 |7 1 |9 98566 |a Arxiu |b Arxiu |d 2025-10-24 |l 0 |o F-504-146 |p 24717 |r 2025-10-24 13:17:32 |w 2025-10-24 |z Prové del fons Joan Junyer i Pascual (1909-1994) | ||
| 999 | |c 50724 |d 50724 | ||